Family, kinship and marriage in India (Record no. 224)

MARC details
000 -LEADER
fixed length control field 00588cam a2200217ua 4500
008 - FIXED-LENGTH DATA ELEMENTS--GENERAL INFORMATION
fixed length control field 111222n ii |||gr||||Z||||||eng
020 ## - INTERNATIONAL STANDARD BOOK NUMBER
International Standard Book Number 978-019-563508-9
020 ## - INTERNATIONAL STANDARD BOOK NUMBER
International Standard Book Number 019-563508-6
040 ## - CATALOGING SOURCE
Transcribing agency MAIN
082 ## - DEWEY DECIMAL CLASSIFICATION NUMBER
Classification number 306.8
245 1# - TITLE STATEMENT
Title Family, kinship and marriage in India
250 ## - EDITION STATEMENT
Edition statement 1st /
Remainder of edition statement edited by Patrichia Uberoi.
260 ## - PUBLICATION, DISTRIBUTION, ETC.
Place of publication, distribution, etc. New Delhi:
Name of publisher, distributor, etc. Oxford,
Date of publication, distribution, etc. 2008.
300 ## - PHYSICAL DESCRIPTION
Extent x, 502p.:
Dimensions 30cm.
700 ## - ADDED ENTRY--PERSONAL NAME
Personal name Uberoi, Patricia,
Relator term
942 ## - ADDED ENTRY ELEMENTS (KOHA)
Koha item type Books
653 ## - INDEX TERM--UNCONTROLLED
Uncontrolled term Sociology
653 ## - INDEX TERM--UNCONTROLLED
Uncontrolled term Culture and institutions
653 ## - INDEX TERM--UNCONTROLLED
Uncontrolled term Family, kinship and marriage in India
Holdings
Withdrawn status Lost status Damaged status Not for loan Home library Current library Shelving location Date acquired Total Checkouts Full call number Barcode Date last seen Copy number Price effective from Koha item type Date last checked out
        Central Library, Naharkatiya College Central Library, Naharkatiya College General Stacks 19/09/2020   306.8 | FAM 19576 19/09/2020 1 19/09/2020 Books  
        Central Library, Naharkatiya College Central Library, Naharkatiya College General Stacks 19/09/2020 1 306.8 | FAM 19614 03/05/2024 2 19/09/2020 Books 27/02/2024

Naharkatiya College © 2020. All rights reserved.

Powered By